Frammenti su don Milani priore di Barbiana
| Main Author: | |
|---|---|
| Format: | Print Article |
| Language: | Italian |
| Check availability: | HBZ Gateway |
| Interlibrary Loan: | Interlibrary Loan for the Fachinformationsdienste (Specialized Information Services in Germany) |
| Published: |
1999
|
| In: |
Religioni e società
Year: 1999, Volume: 14, Issue: 34, Pages: 65-76 |
| Standardized Subjects / Keyword chains: | B
Milani, Lorenzo 1923-1967
|
| RelBib Classification: | KAJ Church history 1914-; recent history KBJ Italy KDB Roman Catholic Church |
MARC
| LEADER | 00000caa a22000002c 4500 | ||
|---|---|---|---|
| 001 | 1641491868 | ||
| 003 | DE-627 | ||
| 005 | 20220616112629.0 | ||
| 007 | tu | ||
| 008 | 160405s1999 xx ||||| 00| ||ita c | ||
| 035 | |a (DE-627)1641491868 | ||
| 035 | |a (DE-576)465256635 | ||
| 035 | |a (DE-599)BSZ465256635 | ||
| 040 | |a DE-627 |b ger |c DE-627 |e rakwb | ||
| 041 | |a ita | ||
| 084 | |a 0 |2 ssgn | ||
| 100 | 1 | |0 (DE-627)1235054993 |0 (DE-576)165054999 |4 aut |a DiGiacomo, Maurizio | |
| 109 | |a DiGiacomo, Maurizio |a Giacomo, Maurizio di | ||
| 245 | 1 | 0 | |a Frammenti su don Milani priore di Barbiana |
| 264 | 1 | |c 1999 | |
| 336 | |a Text |b txt |2 rdacontent | ||
| 337 | |a ohne Hilfsmittel zu benutzen |b n |2 rdamedia | ||
| 338 | |a Band |b nc |2 rdacarrier | ||
| 652 | |a KAJ:KBJ:KDB | ||
| 689 | 0 | 0 | |d p |0 (DE-588)118733907 |0 (DE-627)694901199 |0 (DE-576)20936596X |2 gnd |a Milani, Lorenzo |d 1923-1967 |
| 689 | 0 | |5 (DE-627) | |
| 773 | 0 | 8 | |i In |t Religioni e società |d Pisa : Serra, 1986 |g 14(1999), 34, Seite 65-76 |w (DE-627)169135985 |w (DE-600)896088-4 |w (DE-576)016231732 |x 0394-9397 |7 nnas |
| 773 | 1 | 8 | |g volume:14 |g year:1999 |g number:34 |g pages:65-76 |
| 935 | |a mteo | ||
| 951 | |a AR | ||
| ELC | |b 1 | ||
| ITA | |a 1 |t 1 | ||
| LOK | |0 000 xxxxxcx a22 zn 4500 | ||
| LOK | |0 001 3304433198 | ||
| LOK | |0 003 DE-627 | ||
| LOK | |0 004 1641491868 | ||
| LOK | |0 005 20160405124851 | ||
| LOK | |0 008 160404||||||||||||||||ger||||||| | ||
| LOK | |0 040 |a DE-Tue135 |c DE-627 |d DE-Tue135 | ||
| LOK | |0 092 |o n | ||
| LOK | |0 852 |a DE-Tue135 | ||
| LOK | |0 852 1 |9 00 | ||
| LOK | |0 935 |a ixzs |a ixmi | ||
| LOK | |0 936ln |0 1442048786 |a KBJ | ||
| LOK | |0 936ln |0 1442049839 |a KDB | ||
| LOK | |0 936ln |0 1442044640 |a KAJ | ||
| LOK | |0 939 |a 04-04-16 |b l01 | ||
| ORI | |a SA-MARC-ixtheoa001.raw | ||
| REL | |a 1 | ||
| SUB | |a REL | ||
| SYG | 0 | 0 | |a Comparetti, Lorenzo Milani,1923-1967,Milani Comparetti, Lorenzo,1923-1967,Milani,Don,1923-1967,Don Milani,1923-1967,Milani Comparetti, Lorenzo Carlo Domenico,1923-1967 |



